The American Tradition of International Law: (Record no. 622616)

MARC details
000 -LEADER
fixed length control field 00530nam a2200181 4500
008 - FIXED-LENGTH DATA ELEMENTS--GENERAL INFORMATION
fixed length control field 260506b |||||||| |||| 00| 0 eng d
020 ## - INTERNATIONAL STANDARD BOOK NUMBER
ISBN 9780198262589
Paper back/Hardbound hbk
041 ## - LANGUAGE CODE
Language code of text/sound track or separate title eng
082 ## - DEWEY DECIMAL CLASSIFICATION NUMBER
Classification number 341.0973 JAN
100 ## - MAIN ENTRY--AUTHOR NAME
Personal name Janis,Mark Weston
245 ## - TITLE STATEMENT
Title The American Tradition of International Law:
Sub Title Great Expectations 1789-1914
Statement of responsibility, etc Mark Weston Janis
260 ## - PUBLICATION, DISTRIBUTION, ETC. (IMPRINT)
Place of publication New York
Name of publisher Oxford University Press
Year of publication 2004
300 ## - PHYSICAL DESCRIPTION
Number of Pages 156p. :
Dimensions 22cm
504 ## - BIBLIOGRAPHY, ETC. NOTE
Bibliography, etc Includes index
650 ## - SUBJECT ADDED ENTRY--TOPICAL TERM
Topical Term Law of nations
942 ## - ADDED ENTRY ELEMENTS (KOHA)
Koha item type English Books
Holdings
Withdrawn status Lost status Damaged status Not for loan Home library Current library Shelving location Date acquired Full call number Accession Number Price effective from Koha item type
        Anna Centenary Library Anna Centenary Library 4TH FLOOR, A WING 16.08.2010 341.0973 JAN 182395 06.05.2026 English Books

Find us on the map